000 01090nam a22003257a 4500
003 CHAP
005 20220329143910.0
008 120629s2009 mx r 00010 spa d
010 _a103470
011 _a104442
020 _a9786074900132
035 _a115132
040 _cCHAP
082 0 4 _a861
_bO74
100 1 _aOrozco, Gustavo Enrique
_983712
245 1 0 _aSonetos de la eternidad
_c/por Gustavo Enrique Orozco
260 _aToluca, Edo. de Méx. :
_bInstituto Mexiquense de Cultura,
_c2009
300 _a84 p.
490 0 _aBiblioteca Mexiquense del Bicentenario.
_pEl corazón y los confines
590 _aBATCH-UPD
_b10
_c20130110
_lUCH01
_h1348
590 _aBATCH-UPD
_b10
_c20130410
_lUCH01
_h0845
590 _aBATCH-UPD
_b10
_c20130914
_lUCH01
_h1853
590 _aCONVERSION
_b10
_c20130109
_lUCH01
_h1357
650 1 4 _aPoesía.
_990141
650 1 4 _aSonetos.
_9108562
830 0 _aBiblioteca Mexiquense del Bicentenario.
_pEl corazón y los confines
_912430
901 _aBK
942 _cLIBRO
949 _a861 O74
_bBC
_cLIBRO
_d33724002321363
_eLIBRO
_h117205
_i115132
_sb
999 _c103470
_d103470